Things that begin with C - Statistics

General Stats
  • This quiz has been taken 252 times
    248 since last reset
  • The average score is 11 of 15
Answer Stats
Hint Answer % Correct
Rival of Pepsi Coca-Cola
97%
Orange vegtable Carrot
96%
The 25th of December Christmas
95%
King of UK Charles III
94%
East Asian country China
85%
North American crop Corn
84%
1500 year old board game Chess
83%
Material the Statue of Liberty is made of Copper
82%
Ideology of the Soviet Union Communism
79%
Capital of Australia Canberra
76%
One of the most eaten meats Chicken
76%
6th element of the periodic table Carbon
68%
Series of battles to reclaim the holy land Crusades
59%
Name of swiss states Cantons
40%
Brittany, Cornwall, Ireland, Isle of Man, Scotland, and Wales Celtic Nations
24%
No matching quizzes found
Score Distribution
Percent of People with Each Score
Percentile by Number Answered
Your Score History
You have not taken this quiz since the last reset